000 00876nam a2200253Ia 4500
003 OSt
005 20220930191807.0
006 a|||||r|||| 00| 0
007 ta
008 220926b |||||||| |||| 00| 0 eng d
024 _a9373
037 _cDissertations
040 _aCRL
_cCRL
_beng
041 _2eng
_aeng
100 _aBaijal Komal
_9560527
110 _aUniversity of Delhi. Faculty of Medical Sciences. Department of Paediatrics
245 0 _aExchange transfusion in septicemic neonates with disseminated intravascular coagulation
_b Effect on coagulation profile
260 _c1992
650 _aCHILDREN - DISEASES
700 _a Dr N B Mathur Supervisor
_9523771
700 _aUniversity of Delhi. Faculty of Medical Sciences. Department of Paediatrics
942 _cDIS
_2CC
999 _c894386
_d894386